Experimental physiology and applied biology

Bibliographic Details
Main Author: Filledes, Tassos P. (Author)
Format: Book
Published: Cambridge, Mass. : Educators Publishing Service , 1969
Subjects:

MARC

LEADER 00000cam a2200000 7i4500
001 0000003552
005 20021118093000.0
008 021118n
090 0 0 |a QP43   |b .F5 
100 0 |a Filledes, Tassos P. ,   |e author 
245 0 0 |a Experimental physiology and applied biology   |c Tassos P. Filledes 
260 2 |a Cambridge, Mass. :   |b Educators Publishing Service ,   |c 1969 
300 |a 183 p. ; ;   |c 28 cm. 
650 0 |a Physiology, Experimental 
999 |a 1000032728   |b Book   |c OPEN SHELF (30 DAYS)   |e Medical Campus